| 000 | 01002nam0a2200313 4500 | ||
|---|---|---|---|
| 001 | RU\NLR\bibl\923222 | ||
| 005 | 20250614190727.0 | ||
| 010 |
_a5-699-14633-4 _95000 |
||
| 021 |
_aRU _b2006-7656 _9367 |
||
| 035 | _a(NLR Aleph) 000911492 | ||
| 090 |
_a42514 _c42514 |
||
| 100 | _a20060329d2006 |||y0rusy50 ca | ||
| 101 | 1 |
_arus _ceng |
|
| 102 | _aRU | ||
| 105 | _ay ||||||||| | ||
| 200 | 1 |
_aНа пути к Эльдорадо _fТахир Шах _g[пер. с англ. Ю. Гольдберга] |
|
| 210 |
_aМосква _cЭКСМО _d2006 |
||
| 215 |
_a382,[1] с. _d21 |
||
| 225 | 1 | _aСакральные тайны земли | |
| 606 | 1 |
_aИнки _xАрхеология _91848528 _3RU\NLR\auth\66837443 |
|
| 606 | 1 |
_aИнки _xИстория _91848619 _3RU\NLR\auth\66837490 |
|
| 686 | _aТ4(77)91 | ||
| 700 | 1 |
_aШах _bТ. _gТахир _4070 |
|
| 801 | 0 |
_aRU _bNLR _c20060329 _grcr |
|
| 801 | 1 |
_aRU _bNLR _c20060329 |
|
| 942 | _cBOOK | ||
| 980 | _aNB | ||